000 00879nam a2200301 a 4500
003 AR-BaBNM
005 20251128203028.0
008 082120s2002 ||||||||||||||000 | spa||
040 _cAR-BaBNM
100 1 _aLafuente Machain, Ricardo de
245 0 0 _aEl barrio de Santo Domingo
260 _aBuenos Aires
_bMunicipalidad de la Ciudad de Buenos Aires
_c1956
300 _a91 p.
_bil.
490 0 _aCuadernos de Buenos Aires
_vv. 10
500 _aContiene referencias bibliográficas en p. 90
650 4 _aHISTORIA ARGENTINA
650 4 _aHISTORIA DE BUENOS AIRES
650 4 _aHISTORIA DE LA ARQUITECTURA
650 4 _aMONUMENTOS HISTORICOS
650 4 _aBIENES CULTURALES
650 4 _aEDIFICIOS
650 4 _aARQUITECTURA
650 4 _aPARQUES PUBLICOS
650 4 _aBARRIOS
651 4 _aBuenos Aires [Capital Federal]
942 _cBK
998 _cMARTIN
999 _c1580
_d1580